Los derechos indígenas en el sistema internacional: un sujeto en construcción /
Shranjeno v:
| Glavni avtor: | |
|---|---|
| Format: | Texto |
| Teme: | |
| Oznake: |
Označite
Brez oznak, prvi označite!
|
MARC
| LEADER | 00000 a a2200000 04500 | ||
|---|---|---|---|
| 001 | 16363 | ||
| 003 | |||
| 040 | |||
| 100 | |a Stavenhagen, Rodolfo | ||
| 245 | |a Los derechos indígenas en el sistema internacional: |b un sujeto en construcción / |c Rodolfo Stavenhagen | ||
| 650 | |a POBLACION INDIGENA | ||
| 650 | |a DERECHOS HUMANOS | ||
| 650 | |a DERECHO INTERNACIONAL | ||
| 650 | |a ONU | ||
| 650 | |a LEGISLACION | ||
| 773 | |g número 26; páginas 81-106 | ||
| 999 | |c 26684 |d 26684 | ||
